000 00694nam a2200265Ia 4500
005 20260121170934.0
008 008 260114s9999 xx 000 0 eng d
020 _a9789811318498
037 _aEBOOK
040 _aCRL
040 _beng
040 _cCRL
041 _2eng
041 _aeng
084 _qCRL
100 _aSetsuya Kurahashi, Hiroshi Takahashi
_91070040
245 0 _aInnovative Approaches in Agent-Based Modelling and Business Intelligence
260 _bSpringer
260 _bSpringer
260 _c2018
856 _uhttps://link.springer.com/openurl?genre=book&isbn=978-981-13-1849-8
942 _cEBOOK
999 _c1635770
_d1635770